| 000 | 00000nam##2200000za#4500 |
| 001 | 9.641624 |
| 003 | CaOODSP |
| 005 | 20210624223316 |
| 007 | cr ||||||||||| |
| 008 | 150407|2003||||xxc|||||o f|0| 0 fre|d |
| 020 | |a0-662-76734-9 |
| 040 | |aCaOODSP|bfre |
| 043 | |an-cn--- |
| 086 | 1 |aHS3-4/622-04-04F-PDF |
| 110 | 1 |aCanada.|bRessources humaines et Développement des compétences Canada. |bPolitique stratégique et planification. |
| 245 | 10|aVérification de l'admissibilité aux prestations d'assurance-emploi |h[ressource électronique] |
| 260 | |aGatineau - Québec : |bRessources humaines et Développement des compétences Canada. |c[2004]. |
| 300 | |a41p.|bgraphiques, tableaux |
| 590 | |a13-09-Supp|b2013-04-04 |
| 775 | 08|tAudit of entitlement to Employment Insurance Benefits |w(CaOODSP)9.697584 |
| 856 | 40|ahttp://publications.gc.ca|qPDF|s1342 Ko|uhttps://publications.gc.ca/collections/collection_2013/rhdcc-hrsdc/HS3-4-622-04-04-fra.pdf |
| 986 | |aSP-622-04-04F |